000 00323pam a2200133 a 4500
020 _c
041 _h
082 _a004.2
_bDAN/YEA
100 _aDANIELS A.,YEATES D.,
245 _aBASIC SYSTEMS ANALYSIS
_hTextual Documents
260 _aNEW DELHI
_bGALGOTIA PUBLICATIONS LTD
_c1991
300 _aVIII+289
930 _a8086
999 _c127542
_d127542